[Event "CCT Chessable Masters Play-In 2025"]
[Site "Online"]
[Date "2025.02.17"]
[Round "6.46"]
[White "Shimanov, Aleksandr"]
[Black "Zhu, Jiner"]
[Result "1/2-1/2"]
[WhiteElo "2593"]
[BlackElo "2514"]
[PlyCount "221"]
[EventDate "2025.02.13"]
[EventType "swiss"]
[EventCountry "NET"]

1. e4 c5 2. d4 cxd4 3. Qxd4 Nc6 4. Qd3 d6 5. Nc3 Nf6 6. Nf3 g6 7. Be2 Bg7 8. O-O Bg4 9. Nd5 Nd7 10. c3 Nc5 11. Qc2 O-O 12. Bg5 h6 13. Bh4 g5 14. Bg3 f5 15. exf5 Bxf5 16. Qd1 Kh8 17. h4 Ne4 18. hxg5 hxg5 19. Bd3 e6 20. Bxe4 Bxe4 21. Ne3 Bxf3 22. gxf3 d5 23. Kg2 d4 24. cxd4 Nxd4 25. Rh1+ Kg8 26. Qd3 Rxf3 27. Qh7+ Kf8 28. Qe4 Qb6 29. Rad1 Rf7 30. Rc1 Ne2 31. Rc2 Nxg3 32. fxg3 Qd4 33. Qxe6 Re8 34. Rc8 Qd2+ 35. Kh3 Qd7 36. Qxd7 Rxd7 37. Rf1+ Rf7 38. Rxe8+ Kxe8 39. Nf5 Kf8 40. b3 Bc3 41. Kg4 Bd2 42. Rd1 Rd7 43. Kf3 Rd5 44. Ke4 Rd7 45. Nd4 Bc3 46. Ne6+ Ke7 47. Rxd7+ Kxd7 48. Nxg5 Kd6 49. Nf3 Kc5 50. g4 Kb4 51. g5 Bg7 52. Nd4 Ka3 53. Ne6 Bh8 54. Kd3 Kxa2 55. Kc4 b5+ 56. Kb4 a5+ 57. Kxa5 Kxb3 58. Kxb5 Kc3 59. Kc5 Kd3 60. Kd5 Ke3 61. g6 Kf3 62. Kd6 Kg4 63. Ke7 Kf5 64. Kf7 Ba1 65. Ng7+ Kg5 66. Ne8 Kf5 67. Nc7 Kg5 68. Nd5 Kf5 69. Nb6 Kg5 70. Nc4 Kf5 71. Na5 Kg5 72. Nb3 Bb2 73. Nc5 Kf5 74. Nb7 Ba1 75. Nd8 Kg5 76. Nc6 Kf5 77. Ne7+ Kg5 78. Nc6 Kf5 79. Nb4 Kg5 80. Nc2 Bb2 81. Ne1 Kf5 82. Nd3 Ba1 83. Nc5 Kg5 84. Ne6+ Kf5 85. Ng7+ Kg5 86. Ne8 Kf5 87. Nd6+ Kg5 88. Nc8 Kf5 89. Ne7+ Kg5 90. Kg8 Kf6 91. Kf8 Kg5 92. Kf7 Bb2 93. Ng8 Ba1 94. Ne7 Bb2 95. Nd5 Ba1 96. Ne3 Bb2 97. Nc4 Ba1 98. Nd2 Kf5 99. Nf3 Bb2 100. Ne1 Ba1 101. Nd3 Kg5 102. Nb4 Kf5 103. Nc6 Bb2 104. Na7 Ba1 105. Nb5 Kg5 106. Na3 Kf5 107. Nc4 Bc3 108. Nb6 Ba1 109. Nd7 Kg5 110. Nc5 Kf5 111. Nd3 1/2-1/2

[Event "CCT Chessable Masters Play-In 2025"]
[Site "Online"]
[Date "2025.02.17"]
[Round "6.47"]
[White "Gholami Orimi, Mahdi"]
[Black "Ter-Sahakyan, Samvel"]
[Result "1-0"]
[WhiteElo "2509"]
[BlackElo "2611"]
[PlyCount "85"]
[EventDate "2025.02.13"]
[EventType "swiss"]
[EventCountry "NET"]

1. d4 Nf6 2. c4 e6 3. Nc3 Bb4 4. e3 O-O 5. Bd3 d5 6. a3 Bxc3+ 7. bxc3 dxc4 8. Bxc4 c5 9. Nf3 Qc7 10. Be2 b6 11. O-O Bb7 12. Bb2 Nbd7 13. Re1 Rfd8 14. Rc1 Rac8 15. Nd2 Nf8 16. f3 e5 17. e4 Ng6 18. d5 Ne8 19. c4 Nd6 20. Nf1 Rf8 21. Ne3 Rce8 22. Bd3 Bc8 23. Rc2 Bd7 24. Rf2 f6 25. g3 Rf7 26. h4 h6 27. h5 Nf8 28. Qc2 Rfe7 29. Ng2 Nh7 30. Nh4 Ng5 31. Kh2 Rf7 32. f4 Nh7 33. Ref1 Bg4 34. fxe5 fxe5 35. Ng6 Rxf2+ 36. Qxf2 Bxh5 37. Nxe5 Nf6 38. Qf4 b5 39. Kg1 a6 40. g4 Qb6 41. gxh5 bxc4 42. Nxc4 Nxc4 43. Bxf6 1-0

[Event "CCT Chessable Masters Play-In 2025"]
[Site "Online"]
[Date "2025.02.17"]
[Round "6.48"]
[White "Keymer, Vincent"]
[Black "Meier, Georg"]
[Result "1/2-1/2"]
[WhiteElo "2731"]
[BlackElo "2595"]
[PlyCount "109"]
[EventDate "2025.02.13"]
[EventType "swiss"]
[EventCountry "NET"]

1. b3 d5 2. Nf3 Bf5 3. Bb2 e6 4. g3 h6 5. Bg2 Nf6 6. O-O Be7 7. d3 O-O 8. Nc3 c6 9. Nd2 a5 10. e4 Bh7 11. Qe2 Na6 12. a3 b5 13. h3 Nd7 14. f4 b4 15. axb4 Nxb4 16. Nf3 c5 17. Kh2 Re8 18. Na4 dxe4 19. dxe4 Qc7 20. Ne5 Nxe5 21. Bxe5 Qb7 22. Nb2 Nc6 23. Nc4 Nxe5 24. fxe5 Qc7 25. Bf3 Rf8 26. Bh5 Qc6 27. Bf3 a4 28. h4 axb3 29. cxb3 Rxa1 30. Rxa1 Ra8 31. Rxa8+ Qxa8 32. Qd3 Qa2+ 33. Kh3 Qf2 34. Bg2 g5 35. hxg5 Bxg5 36. Qf3 Qxf3 37. Bxf3 Bg6 38. Nb6 Kg7 39. Nd7 Be3 40. g4 Bh7 41. Kh4 Kg6 42. Be2 Bf2+ 43. Kh3 Kg5 44. Kg2 Bd4 45. Kf3 Bg6 46. Nf8 h5 47. Nxg6 hxg4+ 48. Kg3 fxg6 49. Bxg4 Bxe5+ 50. Kf3 Kf6 51. Bh3 g5 52. Bf1 Bf4 53. Ba6 Ke5 54. Bc8 Kd6 55. Ba6 1/2-1/2

[Event "CCT Chessable Masters Play-In 2025"]
[Site "Online"]
[Date "2025.02.17"]
[Round "6.49"]
[White "Abdusattorov, Nodirbek"]
[Black "Sokolovsky, Yahli"]
[Result "1-0"]
[WhiteElo "2766"]
[BlackElo "2552"]
[PlyCount "71"]
[EventDate "2025.02.13"]
[EventType "swiss"]
[EventCountry "NET"]

1. e4 d6 2. d4 g6 3. Nf3 Bg7 4. Bd3 Nf6 5. O-O O-O 6. c3 Nc6 7. h3 e5 8. Re1 Re8 9. d5 Ne7 10. c4 Nd7 11. Nc3 Rf8 12. Rb1 h6 13. b4 f5 14. c5 dxc5 15. bxc5 Nxc5 16. Ba3 Nxd3 17. Qxd3 fxe4 18. Nxe4 Rf4 19. Rbd1 Bf5 20. Qb3 Bxe4 21. d6+ Nd5 22. Rxe4 c6 23. Rxf4 exf4 24. Qxb7 Qc8 25. Qb1 Kf7 26. Re1 Bf6 27. Qd3 Qd7 28. Rb1 Re8 29. Qa6 Nb6 30. Bc5 Re6 31. a4 Rxd6 32. Bxd6 Qxd6 33. Qxa7+ Nd7 34. a5 c5 35. a6 c4 36. Rb7 1-0

[Event "CCT Chessable Masters Play-In 2025"]
[Site "Online"]
[Date "2025.02.17"]
[Round "6.50"]
[White "Vidit, Santosh Gujrathi"]
[Black "Sethuraman, S.P."]
[Result "1-0"]
[WhiteElo "2721"]
[BlackElo "2557"]
[PlyCount "74"]
[EventDate "2025.02.13"]
[EventType "swiss"]
[EventCountry "NET"]

1. e4 e5 2. Nf3 Nc6 3. Bb5 Nf6 4. d3 Bc5 5. c3 O-O 6. Bg5 h6 7. Bh4 d6 8. Nbd2 Bd7 9. O-O g5 10. Bg3 Nh5 11. Bxc6 Nxg3 12. hxg3 Bxc6 13. d4 exd4 14. Nxd4 Bd7 15. Nf5 Qf6 16. Qf3 Rfe8 17. g4 b5 18. e5 Qxe5 19. Nxh6+ Kg7 20. Qxf7+ Kxh6 21. Qxd7 Re7 22. Qc6 Rae8 23. Nf3 Qf4 24. b4 Bb6 25. Qxb5 Re2 26. a4 a6 27. Qxa6 Qxg4 28. a5 Bxf2+ 29. Rxf2 Rxf2 30. Kxf2 Qf4 31. Rh1+ Kg7 32. Qd3 Re4 33. Rh7+ Kg8 34. Rxc7 g4 35. Qd5+ Kf8 36. Rf7+ Qxf7 37. Qxe4 g3+ 1-0

[Event "CCT Chessable Masters Play-In 2025"]
[Site "Online"]
[Date "2025.02.17"]
[Round "6.51"]
[White "Ding, Liren"]
[Black "Aditya Mittal"]
[Result "1/2-1/2"]
[WhiteElo "2734"]
[BlackElo "2550"]
[PlyCount "116"]
[EventDate "2025.02.13"]
[EventType "swiss"]
[EventCountry "NET"]

1. e4 e5 2. Nf3 Nc6 3. Bb5 Nf6 4. d3 Bc5 5. Bxc6 dxc6 6. Nbd2 Be6 7. O-O Bd6 8. d4 Nd7 9. dxe5 Nxe5 10. Nxe5 Bxe5 11. f4 Bd4+ 12. Kh1 f5 13. Qe2 O-O 14. Nf3 Bc5 15. Ng5 Qe7 16. Be3 Bxe3 17. Qxe3 Bc4 18. Rfe1 h6 19. Qc3 hxg5 20. Qxc4+ Qf7 21. Qxf7+ Rxf7 22. fxg5 fxe4 23. Kg1 Rd8 24. Rad1 Rd5 25. h4 Kh7 26. c4 Rxd1 27. Rxd1 Kg6 28. Re1 Rf4 29. g3 Rf3 30. Kg2 Kf5 31. Rf1 Kg4 32. Rxf3 exf3+ 33. Kf2 c5 34. g6 c6 35. b3 b5 36. a3 a5 37. a4 b4 38. Kf1 Kf5 39. Ke1 Kxg6 40. Kf2 Kf5 41. Kxf3 Ke5 42. g4 Kd4 43. h5 Kc3 44. g5 Kxb3 45. h6 gxh6 46. gxh6 Ka2 47. h7 b3 48. h8=Q b2 49. Qh2 Ka1 50. Qe5 Ka2 51. Qe2 Ka1 52. Qe5 Ka2 53. Qxc5 b1=Q 54. Qxa5 Qd3+ 55. Kf2 Qd4+ 56. Kf3 Qd3+ 57. Kf2 Qd4+ 58. Kf3 Qd3+ 1/2-1/2

[Event "CCT Chessable Masters Play-In 2025"]
[Site "Online"]
[Date "2025.02.17"]
[Round "6.52"]
[White "Bartel, Mateusz"]
[Black "Sarana, Alexey"]
[Result "0-1"]
[WhiteElo "2629"]
[BlackElo "2672"]
[PlyCount "224"]
[EventDate "2025.02.13"]
[EventType "swiss"]
[EventCountry "NET"]

1. e4 c5 2. Nf3 d6 3. c3 Nf6 4. Bd3 Bd7 5. Bc2 Bc6 6. d3 Nbd7 7. Nbd2 e5 8. O-O Be7 9. d4 cxd4 10. cxd4 Rc8 11. Re1 O-O 12. d5 Bb5 13. a4 Ba6 14. b4 b6 15. Bb2 g6 16. b5 Bb7 17. Bd3 Nc5 18. Bf1 Nfd7 19. Nc4 a6 20. Bc1 axb5 21. axb5 Ra8 22. Bh6 Re8 23. Nfd2 Qc7 24. Qc2 Nf6 25. f3 Rec8 26. Be3 Kg7 27. Qb2 Nfd7 28. g3 Qd8 29. f4 Kg8 30. fxe5 dxe5 31. Rxa8 Rxa8 32. Ra1 f6 33. Bh3 Kg7 34. Rxa8 Qxa8 35. Bxd7 Nxd7 36. Nxb6 Nxb6 37. Bxb6 Qa4 38. Be3 Bb4 39. b6 Qd1+ 40. Nf1 Ba6 41. Qc1 Qxc1 42. Bxc1 f5 43. Bd2 Bd6 44. exf5 gxf5 45. Be3 Bb7 46. Nd2 Bxd5 47. Kf2 Kf6 48. Nf3 Bb7 49. Nd2 Bd5 50. Nf3 Bb4 51. Ng5 h5 52. Nh7+ Ke6 53. h3 Be7 54. Ng5+ Kd7 55. Nf3 Bd6 56. Nh4 Ke6 57. Nf3 Ke7 58. Nh4 Kf6 59. Nf3 Ke6 60. Ng5+ Kd7 61. Nf3 Kc6 62. Nh4 Be4 63. Nf3 Kd5 64. Ng5 Bd3 65. Nf7 Bb8 66. Ng5 Kd6 67. h4 Ke7 68. Nf3 Be4 69. Ng5 Bd5 70. Bc5+ Kd7 71. Be3 Ke7 72. Bc5+ Kf6 73. Be3 Bc4 74. Bc5 Bb3 75. Kf3 Bd5+ 76. Kf2 Bc6 77. Ke3 Bb7 78. Kf2 Bd5 79. Ke3 f4+ 80. gxf4 exf4+ 81. Kf2 Kf5 82. Be7 Kg4 83. Nh7 Bc6 84. Bd8 Be5 85. Nf6+ Kf5 86. Nxh5 Bd4+ 87. Kf1 f3 88. Ng3+ Kg4 89. Bc7 Bb5+ 90. Ke1 f2+ 91. Kd2 Ba6 92. h5 Kf3 93. h6 Be3+ 94. Kc3 Bxh6 95. Be5 Be3 96. Bc7 Bc5 97. Kb3 Be7 98. Ka4 Bh4 99. Ka5 Bb7 100. Nf1 Ke2 101. Nh2 Bf6 102. Kb5 Kd3 103. Kc5 Be7+ 104. Kb5 Bf8 105. Ka5 Bg7 106. Kb5 Bd4 107. Nf1 Ke2 108. Nh2 Ke3 109. Ka5 Ke4 110. Kb5 Be3 111. Nf1 Bf4 112. Ng3+ Bxg3 0-1

[Event "CCT Chessable Masters Play-In 2025"]
[Site "Online"]
[Date "2025.02.17"]
[Round "6.53"]
[White "Onyshchuk, Volodymyr"]
[Black "Harikrishna, Pentala"]
[Result "1-0"]
[WhiteElo "2610"]
[BlackElo "2695"]
[PlyCount "119"]
[EventDate "2025.02.13"]
[EventType "swiss"]
[EventCountry "NET"]

1. e4 e5 2. Nf3 Nc6 3. Bb5 a6 4. Ba4 Nf6 5. O-O Be7 6. Re1 b5 7. Bb3 O-O 8. d3 d6 9. a4 Bg4 10. Be3 Rb8 11. axb5 axb5 12. Nbd2 d5 13. h3 Bh5 14. c3 d4 15. cxd4 exd4 16. Bf4 Nb4 17. Nf1 Nd7 18. g4 Bg6 19. Qd2 Rb6 20. Ra7 Rf6 21. Bxc7 Qc8 22. Ne5 Ra6 23. Rxa6 Nxa6 24. Nxd7 Qxd7 25. Ba5 h5 26. f4 hxg4 27. f5 Nc5 28. Ba2 gxh3 29. b4 Na4 30. Ng3 Bh7 31. Qf4 Nc3 32. Bb3 Qd6 33. e5 Qc6 34. Ne4 Nxe4 35. Qxe4 Qc3 36. Rb1 Qd2 37. Rf1 Bg5 38. Kh1 Be3 39. Bd5 Qe2 40. Qf3 Qxd3 41. Be4 Qd2 42. Qxh3 Qe2 43. Qf3 d3 44. Qxe2 dxe2 45. Re1 Bd4 46. Bc7 Rc8 47. Bd6 g6 48. Rxe2 gxf5 49. Rg2+ Kh8 50. Bd5 f4 51. Kh2 Re8 52. Bxf7 Bxe5 53. Bxe8 Bxd6 54. Rb2 f3+ 55. Kg1 Bg3 56. Bxb5 Bf5 57. Bf1 f2+ 58. Kg2 Bh4 59. b5 Be4+ 60. Kh3 1-0

[Event "CCT Chessable Masters Play-In 2025"]
[Site "Online"]
[Date "2025.02.17"]
[Round "6.54"]
[White "Suyarov, Mukhammadzokhid"]
[Black "Mekhitarian, Krikor Sevag"]
[Result "1-0"]
[WhiteElo "2465"]
[BlackElo "2514"]
[PlyCount "77"]
[EventDate "2025.02.13"]
[EventType "swiss"]
[EventCountry "NET"]

1. e4 c5 2. Nf3 Nc6 3. Bb5 Nf6 4. Bxc6 dxc6 5. d3 Qc7 6. e5 Nd5 7. c4 Nb4 8. a3 Na6 9. Nbd2 Bf5 10. Qe2 Qd7 11. Ne4 O-O-O 12. Be3 Qxd3 13. Qxd3 Rxd3 14. Nfd2 b6 15. Ke2 Rd7 16. h3 e6 17. g4 Bg6 18. h4 h5 19. g5 Be7 20. Ng3 Bd3+ 21. Kf3 g6 22. Rac1 Rhd8 23. Nde4 Nc7 24. Nf6 Bxf6 25. gxf6 Kb7 26. Kf4 a5 27. a4 Na6 28. Kg5 Nb4 29. Kh6 Nc2 30. Kg7 Nb4 31. Rhd1 Na2 32. Ra1 Bxc4 33. Rxd7+ Rxd7 34. Ne4 Nb4 35. Bxc5 bxc5 36. Nxc5+ Kc7 37. Nxd7 Kxd7 38. Kxf7 Bd5 39. Kg7 1-0

[Event "CCT Chessable Masters Play-In 2025"]
[Site "Online"]
[Date "2025.02.17"]
[Round "6.55"]
[White "Indjic, Aleksandar"]
[Black "Akobian, Varuzhan"]
[Result "1-0"]
[WhiteElo "2650"]
[BlackElo "2564"]
[PlyCount "69"]
[EventDate "2025.02.13"]
[EventType "swiss"]
[EventCountry "NET"]

1. c4 e6 2. Nf3 Nf6 3. Nc3 d5 4. e3 Be7 5. b3 O-O 6. Bb2 b6 7. Rg1 Bb7 8. g4 c5 9. g5 Ne4 10. h4 Nxc3 11. Bxc3 Nc6 12. cxd5 Qxd5 13. Bc4 Qf5 14. d3 Rad8 15. e4 Qf4 16. h5 Nb4 17. Be5 Nc2+ 18. Kf1 Ne3+ 19. fxe3 Qxe3 20. Qe2 Qxe2+ 21. Kxe2 Bc8 22. a4 Bd6 23. Bxd6 Rxd6 24. a5 Bd7 25. axb6 axb6 26. Ne5 Be8 27. Ra6 f6 28. gxf6 Bxh5+ 29. Ke3 Rxf6 30. b4 cxb4 31. Ra7 g6 32. Re7 h6 33. Ra1 g5 34. Ra8+ Rf8 35. Bxe6+ 1-0

[Event "CCT Chessable Masters Play-In 2025"]
[Site "Online"]
[Date "2025.02.17"]
[Round "6.56"]
[White "Alonso Rosell, Alvar"]
[Black "Xiao, Tong"]
[Result "0-1"]
[WhiteElo "2535"]
[BlackElo "2491"]
[PlyCount "70"]
[EventDate "2025.02.13"]
[EventType "swiss"]
[EventCountry "NET"]

1. d4 Nf6 2. Nf3 g6 3. Nbd2 d5 4. e3 Bg7 5. a4 O-O 6. a5 c5 7. dxc5 Qc7 8. b4 Ne4 9. Nxe4 Bxa1 10. Qxd5 Be6 11. Qg5 Bg7 12. Nd4 Qd7 13. Qh4 Bd5 14. Bd3 Nc6 15. c3 f5 16. Ng5 h6 17. Ngf3 e5 18. Nxc6 Qxc6 19. Be2 b6 20. c4 Bxf3 21. gxf3 bxa5 22. b5 Qxc5 23. Rg1 Kh7 24. Qg3 Rf6 25. Kf1 a4 26. Bb2 Rd6 27. Bc3 Re8 28. Kg2 f4 29. Qg4 fxe3 30. Rb1 Rf6 31. Rd1 exf2 32. Bd3 a3 33. Be4 Qe3 34. Qd7 Qxc3 35. Qxe8 Qe1 0-1

[Event "CCT Chessable Masters Play-In 2025"]
[Site "Online"]
[Date "2025.02.17"]
[Round "6.57"]
[White "Guliyev, Namig"]
[Black "Azarov, Sergei"]
[Result "0-1"]
[WhiteElo "2486"]
[BlackElo "2596"]
[PlyCount "94"]
[EventDate "2025.02.13"]
[EventType "swiss"]
[EventCountry "NET"]

1. e4 e5 2. Nf3 Nc6 3. Bb5 a6 4. Ba4 Nf6 5. O-O Be7 6. Re1 b5 7. Bb3 d6 8. c3 O-O 9. d4 Bg4 10. Be3 Na5 11. Bc2 Nc4 12. Bc1 exd4 13. cxd4 c5 14. b3 Nb6 15. Bb2 cxd4 16. Bxd4 Nfd7 17. Nbd2 Bf6 18. Bxf6 Qxf6 19. h3 Bh5 20. b4 Rac8 21. Bb3 Nc4 22. g4 Bg6 23. Rc1 Nde5 24. Nxe5 Nxe5 25. Qe2 h5 26. Kg2 Qf4 27. f3 Rxc1 28. Rxc1 Nxf3 29. Rf1 hxg4 30. hxg4 Qxg4+ 31. Kf2 Qh4+ 32. Ke3 Qg5+ 33. Kd3 Nxd2 34. Qxd2 Bxe4+ 35. Ke2 Qg4+ 36. Ke1 d5 37. Qd4 Rc8 38. Kd2 Qg5+ 39. Qe3 Qxe3+ 40. Kxe3 f6 41. Kd4 Kf7 42. Ra1 g5 43. a4 Kg6 44. axb5 axb5 45. Ra5 g4 46. Rxb5 g3 47. Ra5 Rc1 0-1

[Event "CCT Chessable Masters Play-In 2025"]
[Site "Online"]
[Date "2025.02.17"]
[Round "6.58"]
[White "Narayanan, Srinath"]
[Black "Kourkoulos-Arditis, Stamatis"]
[Result "1-0"]
[WhiteElo "2516"]
[BlackElo "2580"]
[PlyCount "114"]
[EventDate "2025.02.13"]
[EventType "swiss"]
[EventCountry "NET"]

1. Nf3 d5 2. e3 Nf6 3. c4 e6 4. b3 b6 5. Bb2 Bb7 6. Nc3 a6 7. Rc1 Bd6 8. cxd5 exd5 9. g3 d4 10. Nb1 dxe3 11. fxe3 O-O 12. Bg2 Nbd7 13. O-O Re8 14. Qe2 c5 15. a4 Bf8 16. Na3 h6 17. Nc4 b5 18. Nce5 Nxe5 19. Nxe5 Bxg2 20. Qxg2 Qb6 21. Qf3 Rad8 22. axb5 axb5 23. d4 cxd4 24. Rc6 Qb8 25. exd4 Qa7 26. Kh1 Rd6 27. d5 Rxd5 28. Rxf6 gxf6 29. Qxd5 fxe5 30. Qxb5 Qa8+ 31. Kg1 Re6 32. Qc4 Qa7+ 33. Kg2 Qb7+ 34. Kh3 Bg7 35. Rd1 Rg6 36. Rd8+ Kh7 37. Qd5 Qe7 38. Rd7 Qg5 39. Qxf7 Qg4+ 40. Kg2 Rf6 41. Qxg7+ Qxg7 42. Rxg7+ Kxg7 43. Bxe5 Kf7 44. Bxf6 Kxf6 45. Kf3 Kf5 46. b4 Ke5 47. Kg4 Kd5 48. Kh5 Kc4 49. Kxh6 Kb5 50. g4 Kc4 51. g5 Kb5 52. g6 Ka4 53. g7 Kb5 54. g8=Q Ka4 55. Qf8 Kb5 56. Qc5+ Ka4 57. b5 Kb3 1-0

[Event "CCT Chessable Masters Play-In 2025"]
[Site "Online"]
[Date "2025.02.17"]
[Round "6.59"]
[White "Kobalia, Mikhail"]
[Black "Naroditsky, Daniel"]
[Result "1-0"]
[WhiteElo "2538"]
[BlackElo "2619"]
[PlyCount "187"]
[EventDate "2025.02.13"]
[EventType "swiss"]
[EventCountry "NET"]

1. e4 c5 2. Nf3 Nf6 3. e5 Nd5 4. Nc3 e6 5. Nxd5 exd5 6. d4 Nc6 7. c3 cxd4 8. cxd4 Bb4+ 9. Bd2 Bxd2+ 10. Qxd2 d6 11. Be2 O-O 12. O-O Bg4 13. Rfe1 Qb6 14. exd6 Rad8 15. Ne5 Be6 16. Nxc6 bxc6 17. Rac1 Rxd6 18. Rc5 g6 19. b3 Rb8 20. h3 Bf5 21. Rec1 Re6 22. Bf1 h5 23. Qc3 Qb4 24. f3 h4 25. Qxb4 Rxb4 26. Rd1 g5 27. Kf2 Kf8 28. Ra5 Re7 29. Rc5 Bd7 30. Ra5 Bc8 31. Rd3 Ke8 32. a3 Rb6 33. Rc3 Kd8 34. b4 Rc7 35. Re3 f6 36. Bd3 a6 37. f4 Re7 38. Rxe7 Kxe7 39. fxg5 fxg5 40. Rc5 Kd6 41. Rc3 Bd7 42. Be2 Bf5 43. Rf3 Ke6 44. Re3+ Kf6 45. Re8 Rb7 46. Ra8 Rf7 47. Rxa6 Bd7 48. Ra7 Rf8 49. Ke3 Re8+ 50. Kd2 Bf5 51. Rc7 Re4 52. Rxc6+ Ke7 53. b5 Rxd4+ 54. Kc3 Ra4 55. Kb3 Re4 56. Bf3 Re3+ 57. Rc3 Re1 58. Bxd5 Kd6 59. Bf3 Rb1+ 60. Ka4 Bd7 61. Bc6 Be6 62. Ka5 Rb2 63. a4 Bf5 64. Kb6 g4 65. hxg4 Bxg4 66. a5 Bc8 67. a6 Bxa6 68. Kxa6 Kc7 69. Ka5 Ra2+ 70. Kb4 Kb6 71. Rc4 Rb2+ 72. Kc3 Rf2 73. Rxh4 Rf6 74. Kd3 Rg6 75. Ke3 Re6+ 76. Kf2 Rg6 77. g4 Kc5 78. Rh5+ Kd4 79. Kg3 Ke3 80. Rf5 Kd4 81. g5 Kc4 82. Kg4 Rg7 83. Rf6 Kc5 84. g6 Re7 85. Kg5 Re1 86. g7 Rg1+ 87. Kh6 Kb4 88. Kh7 Ka3 89. g8=Q Rc1 90. Rf3+ Kb2 91. Qb3+ Ka1 92. Qa3+ Kb1 93. Be4+ Rc2 94. Rf1# 1-0

[Event "CCT Chessable Masters Play-In 2025"]
[Site "Online"]
[Date "2025.02.17"]
[Round "6.60"]
[White "Dvirnyy, Danyyil"]
[Black "Bilguun, Sumiya"]
[Result "1-0"]
[WhiteElo "2488"]
[BlackElo "2460"]
[PlyCount "89"]
[EventDate "2025.02.13"]
[EventType "swiss"]
[EventCountry "NET"]

1. e4 c5 2. Nf3 e6 3. d4 cxd4 4. Nxd4 a6 5. Bd3 g6 6. O-O Bg7 7. Nf3 d6 8. c4 Nf6 9. Nc3 O-O 10. Bf4 Nh5 11. Bg5 Qc7 12. Rc1 Nd7 13. h3 b6 14. Be2 Nhf6 15. Bf4 Ne5 16. b4 Nfd7 17. Qd2 Nxf3+ 18. Bxf3 Ne5 19. Be2 Bb7 20. Rfd1 Nxc4 21. Bxc4 Qxc4 22. Nd5 exd5 23. Rxc4 dxc4 24. Bxd6 Rad8 25. Qc2 Rfe8 26. Qxc4 Be5 27. Qc7 Bxe4 28. f3 Bf5 29. Qxb6 f6 30. Rd2 Bc3 31. Re2 Bd4+ 32. Qxd4 Rxe2 33. Qxf6 Rde8 34. Bc5 R2e6 35. Qd4 Re1+ 36. Kh2 R1e2 37. Qd5+ Be6 38. Qc6 Bxa2 39. Bd4 R2e6 40. Qc5 Bb3 41. Bc3 Ba4 42. Qd4 R6e7 43. Qh8+ Kf7 44. Qf6+ Kg8 45. h4 1-0

[Event "CCT Chessable Masters Play-In 2025"]
[Site "Online"]
[Date "2025.02.17"]
[Round "6.61"]
[White "Dominguez Perez, Leinier"]
[Black "Moroni, Luca Jr"]
[Result "1/2-1/2"]
[WhiteElo "2596"]
[BlackElo "2552"]
[PlyCount "110"]
[EventDate "2025.02.13"]
[EventType "swiss"]
[EventCountry "NET"]

1. e4 c5 2. Nf3 Nc6 3. d4 cxd4 4. Nxd4 Nf6 5. Nc3 h5 6. h4 g6 7. f3 Bg7 8. Be3 d5 9. Bb5 O-O 10. Bxc6 bxc6 11. e5 c5 12. exf6 Bxf6 13. Nc6 Qc7 14. Nxe7+ Bxe7 15. Nxd5 Qg3+ 16. Kf1 Bxh4 17. Qd2 Re8 18. Bf4 Ba6+ 19. Kg1 Re2 20. Qxe2 Bxe2 21. Bxg3 Bxg3 22. Nf6+ Kg7 23. Ne4 Be5 24. Kf2 Bb5 25. c3 c4 26. Rhd1 Rb8 27. Rd5 Bf4 28. Rb1 Ba4 29. b3 cxb3 30. axb3 Bxb3 31. Rd7 a5 32. Nc5 a4 33. Nxb3 axb3 34. Rd4 Be5 35. Rb4 Rc8 36. R4xb3 Rxc3 37. Rxc3 Bxc3 38. Rb7 Bf6 39. Ke3 Be5 40. Ke4 Bf6 41. Kd5 Bc3 42. Rb6 h4 43. Ra6 Be1 44. Kd6 Kf6 45. Kd7+ Kf5 46. Ke7 Kf4 47. Kxf7 g5 48. Rg6 Bd2 49. Re6 Kg3 50. Kg6 Kxg2 51. Re2+ Kxf3 52. Rxd2 g4 53. Kg5 g3 54. Kxh4 g2 55. Rxg2 Kf4 1/2-1/2

[Event "CCT Chessable Masters Play-In 2025"]
[Site "Online"]
[Date "2025.02.17"]
[Round "6.62"]
[White "Demchenko, Anton"]
[Black "Gharibyan, Mamikon"]
[Result "1-0"]
[WhiteElo "2619"]
[BlackElo "2473"]
[PlyCount "63"]
[EventDate "2025.02.13"]
[EventType "swiss"]
[EventCountry "NET"]

1. e4 c5 2. Nf3 e6 3. g3 Nc6 4. Bg2 Nf6 5. Qe2 e5 6. O-O Be7 7. d3 O-O 8. Nbd2 Re8 9. Nc4 d6 10. Ne3 Bf8 11. Nd2 g6 12. f4 exf4 13. gxf4 Bg7 14. c3 Bd7 15. Qf2 b5 16. a3 Rb8 17. e5 dxe5 18. f5 Ne7 19. fxg6 fxg6 20. Ne4 Nxe4 21. Bxe4 Rf8 22. Qg2 Be6 23. Rxf8+ Bxf8 24. Ng4 Bxg4 25. Qxg4 Qc8 26. Qf3 Nf5 27. Bg5 Kg7 28. Rf1 Bd6 29. Qh3 Qe6 30. Rxf5 gxf5 31. Bxf5 Qg8 32. Be6 1-0

[Event "CCT Chessable Masters Play-In 2025"]
[Site "Online"]
[Date "2025.02.17"]
[Round "6.63"]
[White "Donchenko, Alexander"]
[Black "Blohberger, Felix"]
[Result "1-0"]
[WhiteElo "2632"]
[BlackElo "2532"]
[PlyCount "97"]
[EventDate "2025.02.13"]
[EventType "swiss"]
[EventCountry "NET"]

1. d4 Nf6 2. Nf3 e6 3. Bf4 Be7 4. h3 O-O 5. e3 c5 6. c3 b6 7. Nbd2 h6 8. a4 d6 9. Bb5 Bb7 10. O-O Nc6 11. Qe2 a6 12. Bd3 Qc7 13. Bh2 Rfe8 14. e4 cxd4 15. cxd4 e5 16. d5 Nb4 17. Rfc1 Qb8 18. Bc4 Nd7 19. Nf1 Nc5 20. N3d2 Bc8 21. Ra3 Bd7 22. a5 b5 23. Bb3 Nbd3 24. Rb1 b4 25. Raa1 Nxb3 26. Nxb3 Bb5 27. Qf3 Rc8 28. Ne3 g6 29. Nc1 Bg5 30. Nxd3 Bxd3 31. Rd1 Qb5 32. Rd2 b3 33. h4 Bxh4 34. Ng4 Bc2 35. Nxh6+ Kg7 36. Nxf7 Qd7 37. Nxe5 dxe5 38. Bxe5+ Kg8 39. g3 Rf8 40. Qe3 Bf6 41. Bxf6 Rxf6 42. e5 Rf5 43. e6 Qd6 44. Qd4 Re5 45. f4 Rh5 46. Re1 Re8 47. Qb6 Qe7 48. d6 Qh7 49. Qc6 1-0

[Event "CCT Chessable Masters Play-In 2025"]
[Site "Online"]
[Date "2025.02.17"]
[Round "6.64"]
[White "Pakleza, Zbigniew"]
[Black "Nasuta, Grzegorz"]
[Result "1-0"]
[WhiteElo "2485"]
[BlackElo "2506"]
[PlyCount "59"]
[EventDate "2025.02.13"]
[EventType "swiss"]
[EventCountry "NET"]

1. d4 d5 2. Nf3 Nf6 3. Bf4 c5 4. c3 Nc6 5. Nbd2 Qb6 6. Qb3 cxd4 7. Qxb6 axb6 8. Nxd4 Nxd4 9. cxd4 Bd7 10. e3 e6 11. Bd3 b5 12. Ke2 Bc6 13. Rhc1 b4 14. Nb3 Nd7 15. a3 bxa3 16. bxa3 Be7 17. a4 O-O 18. a5 Rfc8 19. a6 Bd8 20. Kd2 f6 21. Bg3 g6 22. Bb5 Nb6 23. Bxc6 bxc6 24. Nc5 Nc4+ 25. Ke2 e5 26. Rcb1 Bb6 27. Nd7 Bc7 28. Rb7 Nd6 29. Nxf6+ Kf7 30. Bxe5 1-0

[Event "CCT Chessable Masters Play-In 2025"]
[Site "Online"]
[Date "2025.02.17"]
[Round "6.65"]
[White "Meshkovs, Nikita"]
[Black "Batsuren, Dambasuren"]
[Result "0-1"]
[WhiteElo "2531"]
[BlackElo "2537"]
[PlyCount "188"]
[EventDate "2025.02.13"]
[EventType "swiss"]
[EventCountry "NET"]

1. d4 Nf6 2. Bg5 d5 3. Bxf6 gxf6 4. Nf3 c5 5. dxc5 e6 6. e3 Bxc5 7. Be2 Nc6 8. O-O f5 9. c4 d4 10. b4 Bxb4 11. exd4 Qf6 12. Qb3 Be7 13. d5 Ne5 14. Nbd2 Nd7 15. Rad1 Nc5 16. Qc2 Bd7 17. Nb3 Ne4 18. Bd3 exd5 19. Nbd4 Rc8 20. Rfe1 b5 21. c5 Rxc5 22. Qb3 a6 23. a4 bxa4 24. Qb8+ Rc8 25. Qb7 Qd6 26. Nxf5 Bxf5 27. Bxe4 Rb8 28. Qxd5 Qxd5 29. Bxd5 Rb6 30. Ne5 Be6 31. Bc6+ Kf8 32. Bxa4 Kg7 33. Rd3 Rhb8 34. Rg3+ Kh8 35. Nc6 Rb1 36. Rge3 Rxe1+ 37. Rxe1 Rb7 38. Nxe7 Rxe7 39. h4 Rc7 40. h5 Kg7 41. Re5 Kf6 42. Ra5 Bc4 43. g4 h6 44. f4 Rb7 45. g5+ Kg7 46. Kf2 Rb2+ 47. Ke3 Ra2 48. Kf3 hxg5 49. Rxg5+ Kh6 50. Be8 Be6 51. Rc5 a5 52. f5 Bb3 53. f6 a4 54. Bd7 a3 55. Bf5 Ra1 56. Rc8 Kg5 57. Bd3 a2 58. Rc5+ Kxf6 59. Rf5+ Kg7 60. Ra5 Rd1 61. h6+ Kxh6 62. Ra6+ Kg7 63. Ke2 a1=Q 64. Rxa1 Rxa1 65. Kd2 Ra2+ 66. Kc3 Be6 67. Kd4 Ra3 68. Be4 Ra4+ 69. Ke5 Rxe4+ 70. Kxe4 Kf6 71. Kf4 Ke7 72. Ke4 f6 73. Kf4 Kf7 74. Kf3 Bd7 75. Kg3 Ke6 76. Kf4 f5 77. Kf3 Kf6 78. Ke3 Ke5 79. Kf3 f4 80. Kf2 Kf5 81. Ke2 Bc6 82. Kf2 Ke4 83. Kf1 f3 84. Kg1 Ke3 85. Kf1 Bb5+ 86. Kg1 f2+ 87. Kh2 f1=Q 88. Kg3 Qf3+ 89. Kh4 Qg2 90. Kh5 Kf4 91. Kh6 Kf5 92. Kh7 Qg5 93. Kh8 Kf6 94. Kh7 Qg7# 0-1